000 00573nam a22001937a 4500
005 20250519134846.0
008 250519b |||||||| |||| 00| 0 eng d
040 _cDO
245 _aCheetahs
250 _aDecember 1999 Vol. 196 No. 6
490 _aNational Geographic
520 _aCheetahs-Ghosts of the Grasslands, Florida Keys: Pradise With Attitude, Ancient Greece, Geographic Century, The Brothers Grimm, Survey 2000
650 _xCHEETAH
650 _xFLORIDA
650 _xANCIENT GREECE
650 _xGEOGRAPHY
650 _xFAIRY TALE
942 _2ddc
_cCR
999 _c5538
_d5538